000 00675nam a2200241Ia 4500
003 OSt
005 20220925214548.0
006 a|||||r|||| 00| 0
007 ta
008 220923b |||||||| |||| 00| 0 eng d
020 _a0 340 15471 3
037 _cGeneral Book
040 _aRTL
_cRTL
_beng
041 _2eng
_aeng
082 _aB28930bX9, L1
100 _aBrennan J Ed.
_9280639
245 0 _aOperational research in industrial systems
260 _aLondon
_bEnglish University Press
_c1971
300 _a325p.
_ccm.
650 _aOperational Research
942 _hB28930bX9, L1
_cGB
_2CC
999 _c565777
_d565777